Music Quiz

Random Music or Harry Potter Quiz

Harry Potter in 99 Seconds Quiz Stats

 Plays Quiz not verified by Sporcle

Challenge
Share
Tweet
Embed
Score 0/49 Timer 05:00
0 Plays Today
Line Blank % Correct
????
100%
????
77.4%
????
75.7%
????
67.9%
????
62.8%
????
62.2%
????
61.9%
????
58.9%
????
53.2%
????
51.2%
????
49.9%
????
48.2%
????
47.9%
????
47.9%
????
47.7%
????
47.1%
????
46.7%
????
46.2%
????
46%
????
45.2%
????
44.7%
????
44.6%
????
43.5%
????
42.4%
????
40.6%
Line Blank % Correct
????
40.5%
????
40%
????
39.4%
????
38.7%
????
37.5%
????
37.3%
????
36.2%
????
35.6%
????
32.3%
????
31.4%
????
29.2%
????
28.4%
????
27.8%
????
27.6%
????
27.2%
????
26.5%
????
26.3%
????
26%
????
25.4%
????
24.7%
????
24.5%
????
24.1%
????
23.2%
????
21.9%

You're not logged in!

Compare scores with friends on all Sporcle quizzes.
Join for Free
OR
Log In

You Might Also Like...

Show Comments

Extras

Created Dec 4, 2011ReportNominate
Tags:Harry Potter Quiz

Top Quizzes Today


Score Distribution

Your Account Isn't Verified!

In order to create a playlist on Sporcle, you need to verify the email address you used during registration. Go to your Sporcle Settings to finish the process.

Report this User

Report this user for behavior that violates our Community Guidelines.

Details: